[Event "Malaysia Masters"]
[Site "Ampang"]
[Date "2025.06.22"]
[Round "9"]
[White "Shen, Ree Herng"]
[Black "Shahar, Uzair"]
[Result "1/2-1/2"]
[WhiteElo "1897"]
[BlackElo "2104"]
[PlyCount "46"]
[EventDate "2025.06.18"]
[EventType "tourn"]
[EventRounds "9"]
[EventCountry "MAS"]
[SourceTitle "CB26_2025"]
[SourceDate "2025.06.25"]
[SourceVersion "1"]
[SourceVersionDate "2025.06.25"]
[SourceQuality "1"]

1. e4 c5 2. Nc3 Nc6 3. Bb5 Nd4 4. Nf3 g6 5. 0-0 Bg7 6. Nxd4 cxd4 7. Ne2 a6 8. Bd3 d5 9. exd5 Qxd5 10. c3 dxc3 11. dxc3 Nf6 12. Qc2 0-0 13. Be3 e5 14. Ng3 Qc6 15. h3 b5 16. Rad1 Bb7 17. f4 e4 18. Be2 Nd5 19. Qc1 Nxe3 20. Qxe3 Rad8 21. Rd4 Rd6 22. Rxd6 Re8 23. Rd8 Rxd8 1/2-1/2

[Event "Malaysia Masters"]
[Site "Ampang"]
[Date "2025.06.20"]
[Round "4"]
[White "Genkeswaran, Genivan"]
[Black "Shen, Ree Herng"]
[Result "0-1"]
[WhiteElo "2124"]
[BlackElo "1897"]
[PlyCount "162"]
[EventDate "2025.06.18"]
[EventType "tourn"]
[EventRounds "9"]
[EventCountry "MAS"]
[SourceTitle "CB26_2025"]
[SourceDate "2025.06.25"]
[SourceVersion "1"]
[SourceVersionDate "2025.06.25"]
[SourceQuality "1"]

1. d4 Nf6 2. c4 g6 3. Nc3 d5 4. cxd5 Nxd5 5. Bd2 Nxc3 6. Bxc3 Bg7 7. e4 0-0 8. Qd2 b6 9. f4 Bb7 10. Qe3 Nd7 11. Nf3 e6 12. Bd3 Qe7 13. 0-0 Rfd8 14. Rad1 Rac8 15. e5 c5 16. Be4 cxd4 17. Nxd4 Bxe4 18. Qxe4 Nc5 19. Qe2 Na4 20. Be1 Rd5 21. Qa6 Qd7 22. Bf2 Nxb2 23. Rb1 Rxd4 24. Rxb2 Rxf4 25. Qe2 Rfc4 26. Rd2 Qc7 27. Bg3 Rc1 28. Rxc1 Qxc1+ 29. Rd1 Qc5+ 30. Kh1 h5 31. h4 Qc7 32. Bf4 Qc4 33. Rd8+ Kh7 34. Qxc4 Rxc4 35. g3 Rc7 36. Rb8 Bh6 37. Bxh6 Kxh6 38. a4 Kg7 39. a5 bxa5 40. Rb5 a4 41. Ra5 a3 42. Rxa3 Rc5 43. Rxa7 Rxe5 44. Kg2 Rf5 45. Ra4 e5 46. Ra7 g5 47. hxg5 Rxg5 48. Kf3 Kg6 49. Ra3 Rg4 50. Ra6+ f6 51. Ra8 Rb4 52. Rg8+ Kh7 53. Re8 h4 54. gxh4 Rxh4 55. Ra8 Rb4 56. Ke3 Kg6 57. Rh8 f5 58. Rg8+ Kf7 59. Ra8 Rb3+ 60. Kd2 f4 61. Ra6 Rg3 62. Ke2 Rg6 63. Ra8 Kf6 64. Rf8+ Ke6 65. Ra8 Kf5 66. Kf2 Rb6 67. Ra5 Rb3 68. Rc5 f3 69. Rc8 Kf4 70. Rf8+ Ke4 71. Kg3 Rb1 72. Rf7 Rg1+ 73. Kh2 Rg8 74. Ra7 f2 75. Ra4+ Kf5 76. Ra7 Rg6 77. Ra3 e4 78. Ra5+ Kf4 79. Ra3 e3 80. Ra8 Kf3 81. Rf8+ Ke2 0-1

[Event "Penang Heritage op 16th"]
[Site "Penang"]
[Date "2024.12.26"]
[Round "6"]
[White "Shen, Ree Herng"]
[Black "Shkapenko, Pavel"]
[Result "1-0"]
[WhiteElo "1849"]
[BlackElo "2390"]
[PlyCount "145"]
[EventDate "2024.12.23"]
[EventType "swiss"]
[EventRounds "9"]
[EventCountry "MAS"]
[SourceTitle "CB14_2025"]
[SourceDate "2024.11.01"]
[SourceVersion "1"]
[SourceVersionDate "2024.11.01"]
[SourceQuality "1"]

1. d4 Nf6 2. c4 c5 3. e3 g6 4. Nf3 Bg7 5. Be2 0-0 6. 0-0 cxd4 7. exd4 d5 8. Nc3 dxc4 9. Bxc4 Qc7 10. Be2 Bf5 11. Nb5 Qd8 12. Bf4 Nd5 13. Be5 Nc6 14. Bxg7 Kxg7 15. Nc3 Rb8 16. Qc2 Ra8 17. Qb1 Rb8 18. Qd1 Ra8 19. Qb1 Rb8 20. Qe1 Ra8 21. Qd1 Rc8 22. Rc1 Nf4 23. d5 Nxe2+ 24. Qxe2 Nb4 25. Rcd1 Re8 26. a3 Na6 27. Nd4 Bd7 28. Ne6+ Bxe6 29. dxe6 Qb6 30. exf7 Kxf7 31. Rd3 Nc5 32. Rh3 Kg8 33. Re1 e5 34. b4 Nd7 35. Ne4 Rc7 36. Rd3 Re7 37. Rd2 Nf8 38. Rd3 Rc8 39. Nc5 Qb5 40. Qa2+ Kg7 41. Rd5 Qe8 42. Qb2 Rcc7 43. Rdxe5 Kg8 44. Qb3+ Kg7 45. Qc3 Kg8 46. Qc4+ Kg7 47. Rxe7+ Rxe7 48. Qd4+ Kg8 49. Qd5+ Kh8 50. Rxe7 Qxe7 51. g3 b6 52. Ne4 Qg7 53. Kg2 h6 54. Nd6 Qe7 55. Qd4+ Kg8 56. Ne4 Nd7 57. Qd5+ Kg7 58. f4 Nf6 59. Nxf6 Qe2+ 60. Kh3 Kxf6 61. Qd6+ Kf7 62. Qc7+ Kf6 63. Qc3+ Ke6 64. g4 Qf1+ 65. Kg3 Qg1+ 66. Kh3 Qf1+ 67. Kg3 Qg1+ 68. Kf3 Qh1+ 69. Ke3 Qxh2 70. Qe5+ Kf7 71. Qc7+ Kf6 72. g5+ Kf5 73. Qd7# 1-0

[Event "Penang Heritage op 16th"]
[Site "Penang"]
[Date "2024.12.24"]
[Round "3"]
[White "Shen, Ree Herng"]
[Black "Cheng, Chee Heng Jayden"]
[Result "1-0"]
[WhiteElo "1849"]
[BlackElo "1686"]
[PlyCount "98"]
[EventDate "2024.12.23"]
[EventType "swiss"]
[EventRounds "9"]
[EventCountry "MAS"]
[SourceTitle "CB14_2025"]
[SourceDate "2024.11.01"]
[SourceVersion "1"]
[SourceVersionDate "2024.11.01"]
[SourceQuality "1"]

1. e4 c5 2. Nf3 d6 3. d4 cxd4 4. Nxd4 Nf6 5. f3 e5 6. Nb3 d5 7. Bg5 Be6 8. exd5 Qxd5 9. Qxd5 Nxd5 10. Bc4 Nb4 11. Bb5+ N8c6 12. Na3 a6 13. Be2 b5 14. Be3 Nd5 15. Bc5 Nf4 16. Bxf8 Rxf8 17. Bf1 Bxb3 18. axb3 Nd4 19. b4 Ke7 20. c3 Nb3 21. Rd1 Rfd8 22. g3 Rxd1+ 23. Kxd1 Rd8+ 24. Kc2 Na1+ 25. Kb1 Rd1+ 26. Ka2 Nd5 27. f4 Ne3 28. Bg2 Rxh1 29. Bxh1 Nac2 30. Nxc2 Nxc2 31. fxe5 Ne3 32. Bb7 Kd7 33. Bxa6 Kc6 34. b3 Ng4 35. c4 bxc4 36. bxc4 Nxe5 37. Kb3 g5 38. c5 g4 39. Ka4 Nf3 40. Bd3 Nxh2 41. Be4+ Kc7 42. b5 Nf3 43. b6+ Kb8 44. c6 Nd4 45. Ka5 Ne6 46. Bxh7 Nd4 47. Be4 f5 48. Bd5 Nc2 49. c7+ Kc8 1-0

[Event "Penang op-A 15th"]
[Site "Penang"]
[Date "2023.12.18"]
[Round "2"]
[White "Shen, Ree Herng"]
[Black "Villanueva, Nelson"]
[Result "0-1"]
[WhiteElo "1755"]
[BlackElo "2119"]
[PlyCount "78"]
[EventDate "2023.12.18"]
[EventType "swiss"]
[EventRounds "9"]
[EventCountry "MAS"]
[SourceTitle "CBM 217 Extra"]
[Source "ChessBase"]
[SourceDate "2024.01.31"]
[SourceVersion "1"]
[SourceVersionDate "2024.01.31"]
[SourceQuality "1"]

1. e4 c5 2. Nc3 e6 3. Nge2 Nc6 4. g3 Nf6 5. Bg2 Be7 6. 0-0 0-0 7. d4 cxd4 8. Nxd4 d6 9. Be3 Bd7 10. Qe2 Rc8 11. f4 Qc7 12. f5 Nxd4 13. Bxd4 b5 14. Rf2 Qc4 15. Qd2 b4 16. Nd1 e5 17. Bxa7 Nxe4 18. Bxe4 Qxe4 19. Ne3 Bg5 20. Qd5 Bxf5 21. Qxe4 Bxe4 22. h4 Be7 23. Nf5 Bxf5 24. Rxf5 Rxc2 25. Rf2 Rfc8 26. Raf1 Rxf2 27. Bxf2 d5 28. Rd1 d4 29. Rd2 f6 30. Kg2 Kf7 31. Re2 Ra8 32. b3 Rc8 33. g4 d3 34. Rd2 e4 35. Be3 g6 36. Kg3 f5 37. gxf5 gxf5 38. Kf4 Ke6 39. h5 Rg8 0-1